Biggest Trading Partners - Samoa - Statistics

General Stats
  • This quiz has been taken 278 times
  • The average score is 16 of 21
Answer Stats
exports imports country % Correct
24.8 mil 36.4 mil Australia
98%
1.30 mil 58.6 mil China
98%
10.4 mil 96.2 mil New Zealand
98%
13.9 mil 37.8 mil United States
97%
2.26 mil 19.1 mil Japan
93%
1.71 mil 22.9 mil Fiji
91%
7.42 mil Indonesia
90%
0.07 mil United Kingdom
90%
0.93 mil India
88%
0.13 mil 10.7 mil Malaysia
82%
0.20 mil 0.69 mil Germany
81%
0.08 mil 10.4 mil Thailand
80%
0.69 mil Philippines
79%
2.50 mil 1.34 mil Taiwan
79%
3.94 mil Vietnam
79%
0.96 mil 57.6 mil Singapore
77%
0.05 mil Netherlands
56%
0.06 mil United Arab Emirates
52%
0.15 mil Cook Islands
29%
0.79 mil North Korea
14%
0.11 mil Bahamas
2%
No matching quizzes found
Score Distribution
Percent of People with Each Score
Percentile by Number Answered
Your Score History
You have not taken this quiz